Technology of machine tools/ (Record no. 7516)

MARC details
000 -LEADER
fixed length control field 00557 a2200181 4500
010 ## - LCCN (DPL NO)
LC control number ENG-88029
020 ## - INTERNATIONAL STANDARD BOOK NUMBER
International Standard Book Number 0070667616
Terms of availability 450.00
035 ## - SYSTEM CONTROL NUMBER
System control number EN-71562
037 ## - SOURCE OF ACQUISITION
Source of stock number/acquisition DBAD / PUB
082 14 - DEWEY DECIMAL CLASSIFICATION NUMBER
Classification number 621.902
100 1# - MAIN ENTRY--PERSONAL NAME
Personal name Krar, Steve F.
245 1# - TITLE STATEMENT
Title Technology of machine tools/
Statement of responsibility, etc by Steve F.Krar, Arthur R.Gill [and] Peter Smid
250 ## - EDITION STATEMENT
Edition statement 6th ed
260 ## - PUBLICATION, DISTRIBUTION, ETC. (IMPRINT)
Place of publication, distribution, etc New Delhi
Name of publisher, distributor, etc Tata McGraw-Hill Publishing
Date of publication, distribution, etc 2008
270 ## - ADDRESS
Address 7, West Patel Nagar
City New Delhi
Postal code 110 008
300 ## - PHYSICAL DESCRIPTION
Extent x, 918p.
Dimensions 28cm (pbk)
942 ## - ADDED ENTRY ELEMENTS (KOHA)
Institution code [OBSOLETE] dpl
Item type English Books
Source of classification or shelving scheme Dewey Decimal Classification
Classification part 621.902
Call number suffix KRA
Holdings
Withdrawn status Lost status Not for loan Collection code Home library Current library Source of acquisition Cost, normal purchase price Full call number Barcode Copy number Cost, replacement price Koha item type
    Not For Loan Non-fiction D.B.Act.Division D.B.Act.Division DBAD/PUB 450.00 621.902 KRA EN-71562 1 450.00 English Books

© Delhi Public Library
Hit Counter
free hit counter